| 000 | 00839nam a2200229Ia 4500 | ||
|---|---|---|---|
| 003 | OSt | ||
| 005 | 20220925210527.0 | ||
| 006 | a|||||r|||| 00| 0 | ||
| 007 | ta | ||
| 008 | 220923b |||||||| |||| 00| 0 eng d | ||
| 037 | _cGeneral Book | ||
| 040 |
_aRTL _cRTL _beng |
||
| 041 |
_2eng _aeng |
||
| 082 | _aSingmasn2,N50, 434 CD-ROM P | ||
| 100 |
_aNational samples survey (NSS) report, 51th round _9272511 |
||
| 245 | 0 |
_aUnorganised manufacturing enterprice in India _b Sailent features. Report no. 434 |
|
| 260 |
_aIndia _bGovt. Press |
||
| 490 | _aConsumer expenditures and unorganised manufacture | ||
| 650 |
_aNational Sample Survey NSS Report _9272512 |
||
| 942 |
_hSingmasn2,N50, 434 CD-ROM P _cGB _2CC |
||
| 999 |
_c555356 _d555356 |
||